00443nam a2200157Ia 4500008004100000020001800041082001800059100001800077245006800095250000800163260004100171300002400212500001900236600001500255650001500270240925s9999 xx 000 0 und d a9780857327628 a657.30218 FIN aFinch, Clare 2aA Students Guide to International Financial Reporting Standards a3rd aNew Delhi:bCengage Learningc,2012. a176p.bNAfOriginal aIncludes Index aManagement aAccounting